|
|
|
|
| LEADER |
00000nab a2200000 a 4500 |
| 001 |
vtls008992597 |
| 003 |
SK-MaSNL |
| 005 |
20260304040238.0 |
| 008 |
140402c2007 xo mr|p|||||||000 b|slo |
| 015 |
|
|
|a SNBRB2007/05
|2 snkbucl
|
| 038 |
|
|
|a SNKBUCL
|
| 040 |
|
|
|a SNKBUCL
|b slo
|c SNKBUCL
|e AACR2
|
| 040 |
0 |
|
|a slo
|e AACR2
|
| 041 |
0 |
|
|a slo
|
| 044 |
|
|
|a xo
|c SK
|
| 080 |
|
|
|a 284.1:325.2(94)(=162.4)
|2 1997
|
| 080 |
|
|
|a 325.2(94)
|2 1997
|
| 100 |
1 |
|
|a Zimániová, Z.
|4 aut
|9 1041071
|
| 245 |
1 |
0 |
|a Po stopách slovenských evanjelikov v Austrálii
|c Z. Zimániová
|
| 300 |
|
|
|b Fotogr.
|
| 650 |
0 |
7 |
|a slovenskí evanjelici
|2 snkbucl
|9 1213023
|
| 651 |
|
7 |
|a Austrália
|2 snkbucl
|9 16347
|
| 773 |
0 |
|
|t Evanjelický posol spod Tatier
|g Roč. 97, č. 9 (2007), s. 8-9
|x 0139-8768
|
| 852 |
|
|
|a SNK
|b KIS3GCP
|
| 958 |
|
|
|a NT
|
| 999 |
|
|
|c 2662221
|d 2664151
|